000
00296nam a2200121Ia 4500
005
20251222153621.0
008
251222s9999||||xx |||||||||||||| ||spa||
020
_a
9789972229336
082
_a
348.62/J24
245
0
_a
Legislación Laboral
264
_b
Jurista Editores E. I. R. L.
942
_c
LIB
999
_c
31985
_d
31985